000 00800nam a2200229 a 4500
001 15875
003 CO-ViMGA
008 141112s2004 ck r 000 u spa d
020 _a8489210780
040 _aCO-ViMGA
_bspa
_cCO-ViMGA
082 0 4 _a350.986 R637d
100 1 _aRodriguez, Gustavo Humberto
_917665
245 1 0 _aDerecho administrativo disciplinario :
_bDoctrina - legislación, jurisprudencia.Regimen sancionatorio del sector financiero
250 _a2a
260 _aBogotá,
_cLibrería del Profesional,
_c1989
300 _a486.p.
590 _aForma de adquisición : donación - - Precio :
_15.000
650 1 4 _aDERECHO ADMINISTRATIVO DISCIPLINARIO - COLOMBIA
_922812
650 1 4 _aFUNCION PUBLICA - COLOMBIA
_922813
650 1 4 _aPROCESO DISCIPLINARIO
_922814
942 _2ddc
_cBK
999 _c25911
_d25911